Detalles MARC
| 000 -LEADER |
| longitud fija campo de control |
01418nam a22003497a 4500 |
| 003 - IDENTIFICADOR DE NUMERO DE CONTROL |
| control del campo |
AR-RoUNA |
| 005 - FECHA DE LA ULTIMA MODIFICACION |
| control del campo |
20260408062851.0 |
| 008 - CAMPO DE CONTROL - LIBROS |
| longitud fija campo de control |
250930b |||||||| |||| 00| 0 spa d |
| 040 ## - ORIGEN DE LA CATALOGACION |
| Agencia que cataloga la obra original |
AR-RoUNA |
| Idioma en que se cataloga |
spa |
| Entidad que modifico el registro |
AR-RoUNA |
| 041 ## - CODIGO DE IDIOMA |
| Codigo de idioma del texto / sonido o titulo separado |
spa |
| 044 ## - CODIGO DE PAIS / ENTIDAD PRODUCTORA |
| Codigo MARC del pais |
ag |
| 110 2# - ASIENTO PRINCIPAL - AUTOR INSTITUCIONAL |
| Nombre corporativo o de jurisdiccion como elemento de entrada |
Argentina. Santa Fe. Municipalidad de Rosario. |
| Unidad subordinada |
Secretaria General. Programa de Descentralización y Modernización. |
| 9 (RLIN) |
27465 |
| 245 1# - TITULO PROPIAMENTE DICHO |
| Titulo |
Una estrategia de actualización vinculada a la definición de los Centros Municipales de Distrito. |
| 246 ## - VARIANTE DE TITULO |
| Titulo propiamente dicho / titulo corto |
Rosario: Descentralización para crecer |
| 260 ## - EDITORIAL - PUBLICACION, DISTRIBUCION, ETC. (Pie de imprenta) |
| Lugar de publicacion, distribucion, etc |
Rosario (Santa Fe, Argentina): |
| Nombre del editor, distribuidor, etc |
MR (Municipalidad ade Rosario), |
| Fecha de publicacion |
Enero 1997. |
| 300 ## - DESCRIPCION FISICA |
| Extension |
10 p.; |
| Dimensiones |
30x21 cm. |
| 490 ## - MENCION DE SERIE |
| Titulo de la serie |
Publicación sintetica de divulgación general |
| 505 0# - NOTA DE CONTENIDO CON FORMATO |
| Título |
Indice |
| 505 0# - NOTA DE CONTENIDO CON FORMATO |
| Título |
1. Descripción general del proyecto. |
| 505 0# - NOTA DE CONTENIDO CON FORMATO |
| Título |
2. Enunciado de los objetivos y políticas de actuación. |
| 505 0# - NOTA DE CONTENIDO CON FORMATO |
| Título |
3. descripción de las áreas de intervención. |
| 505 0# - NOTA DE CONTENIDO CON FORMATO |
| Título |
4. Criterios para la localización de los Centros Municipales de Distrito. |
| 505 0# - NOTA DE CONTENIDO CON FORMATO |
| Título |
5. Implementación del Proyecto. |
| 650 #4 - MATERIA - TERMINO TEMATICO |
| Término temático general |
Descentralización |
| 651 #0 - MATERIA - NOMBRE GEOGRAFICO |
| Termino geografico |
Rosario (Santa Fe, Argentina) |
| 9 (RLIN) |
1246 |
| 653 ## - MATERIA - PALABRAS CLAVES |
| Palabras claves |
Distritos municipales |
| 653 ## - MATERIA - PALABRAS CLAVES |
| Palabras claves |
Centros municipales de distrito |
| 908 ## - SOPORTE |
| Soporte |
Imp |
| 942 ## - FUENTE DE CLASIFICACION |
| Clasificacion |
Universal Decimal Classification |
| Tipo de item |
Libro |
| 945 ## - INFORMACION DE PROCESAMIENTO |
| Fecha de ingreso o modificacion |
2025-09-30 |
| 980 ## - DECLARACIÓN DE EQUIVALENCIA O SERIE DE REFERENCIA CRUZADA - NOMBRE / TÍTULO PERSONAL [LOCAL, CANADÁ] |
| Código del operador |
5 |
| Nombre del operador |
María Machado |
| Código del operador que modifico el registro |
|
| Nombre del operador que modifico el registro |
CRON CRON |